Where do you stand? (Record no. 69770)

MARC details
000 -LEADER
fixed length control field 00887cam a2200205 4500
001 - CONTROL NUMBER
control field ABS65189
008 - FIXED-LENGTH DATA ELEMENTS--GENERAL INFORMATION
fixed length control field 020312n2002 000 0 eng u
035 ## - SYSTEM CONTROL NUMBER
System control number (Sirsi) u117115
245 ## - TITLE STATEMENT
Title Where do you stand?
260 ## - PUBLICATION, DISTRIBUTION, ETC.
Date of publication, distribution, etc. 2002
490 ## - SERIES STATEMENT
Series statement Estates Gazette
Volume/sequential designation (0209) 2 March 2002, 69-71(3)
520 ## - SUMMARY, ETC.
Summary, etc. Latest Estates Gazette/PSD Salary & Benefits Survey shows mostlypessimistic prospects for pay rises this year. Average salaries across the industry are £40 500 and bonuses are £6 000. Different roles in the profession are paid at varying rates with investment work being most highly rewarded at £54 300. This year the survey was conducted over the internet.
590 ## - LOCAL NOTE (RLIN)
Local note ABS
650 ## - SUBJECT ADDED ENTRY--TOPICAL TERM
Topical term or geographic name entry element SALARY SURVEYS
650 ## - SUBJECT ADDED ENTRY--TOPICAL TERM
Topical term or geographic name entry element CHARTERED SURVEYING
650 ## - SUBJECT ADDED ENTRY--TOPICAL TERM
Topical term or geographic name entry element BONUSES
650 ## - SUBJECT ADDED ENTRY--TOPICAL TERM
Topical term or geographic name entry element INVESTMENT
690 ## - LOCAL SUBJECT ADDED ENTRY--TOPICAL TERM (OCLC, RLIN)
Topical term or geographic name as entry element MANAGEMENT-BUSINESS MANAGEMENT-PROFESSIONAL PRACTICE
942 ## - ADDED ENTRY ELEMENTS (KOHA)
Suppress in OPAC 0
Holdings
Withdrawn status Lost status Source of classification or shelving scheme Damaged status Not for loan Home library Current library Shelving location Date acquired Total Checkouts Full call number Barcode Date last seen Copy number Price effective from Koha item type
    Dewey Decimal Classification     London London Journal article 12/03/2002   ABS65189 117115-1001 06/08/2019 1 06/08/2019 Journal article